000 00550nam a2200205Ia 4500
005 20250508151108.0
008 008 250505s9999 xx 000 0 eng d
037 _aTextual
040 _aFEDL
_beng
_cFEDL
041 _aeng
_2eng
084 _a150.97, ROB
_qFEDL
100 _aRoback A A
245 0 _aHistory of American psychology
260 _aNew York, USA
_bLibrary Publishers, Inc.
_c1952
300 _axiv,426p
365 _aINR
_b32
650 _aPsychology
942 _cTEXL
_h150.97, ROB
999 _c1327562
_d1327562